[Event "GER-ch"]
[Site "Binz"]
[Date "1994.??.??"]
[Round "7"]
[White "Hiebel, Johannes"]
[Black "Stoeber, Michael"]
[Result "1/2-1/2"]
[WhiteElo "2315"]
[BlackElo "2255"]

1.d4 Nf6 2.Nf3 g6 3.g3 Bg7 4.Bg2 O-O 5.c4 d6 6.O-O Nc6 7.Nc3 a6 8.b3 Rb8
9.Bb2 b5 10.cxb5 axb5 11.Rc1 b4 12.Nb1 Na7 13.Ne1 Nd7 14.Nd3 Ba6 15.Re1 e6
16.Qd2 Bxd3 17.Qxd3 c5 18.Rc2 Nb5 19.dxc5 Nxc5 20.Qe3 Bxb2 21.Rxb2 Qf6 22.Rc2 Rfc8
23.Rec1 Qd4 24.Qxd4 Nxd4 25.Rd2 Nb5 26.Rc4 Na6 27.Bc6 Na3 28.Nxa3 bxa3 29.Rxd6 Nb4
30.Bb5 Nxa2 31.Ra6 Nc3 32.Rxc8+ Rxc8 33.Bc4 a2 34.Kg2 Rb8 35.Kf3 Rb4 36.Ra3 e5
37.g4 Kg7 38.g5 h6 39.h4 hxg5 40.hxg5 f5 41.gxf6+ Kxf6 42.Ke3 Nd1+ 43.Kf3 Nc3
44.e4 Rb6 45.Ke3 Rd6 46.b4 Rd4 47.Ra6+ Kg7 48.Bxa2 Nxa2 49.Rxa2 Rxb4 50.Ra6 Kf7  1/2-1/2

[Event "Bled op (Women)"]
[Site "Bled"]
[Date "1994.??.??"]
[Round "?"]
[White "Matveeva, Svetlana"]
[Black "Grosar, Kiti"]
[Result "1-0"]
[WhiteElo "2405"]
[BlackElo "2160"]

1.Nf3 Nf6 2.g3 g6 3.Bg2 Bg7 4.d4 d6 5.c4 O-O 6.Nc3 Nc6 7.d5 Na5 8.Nd2 c5
9.Rb1 a6 10.b3 Rb8 11.Bb2 b5 12.Qc2 bxc4 13.bxc4 e5 14.O-O Bh6 15.e3 Ng4
16.Ba1 Rb4 17.a3 Rxb1 18.Rxb1 Nxe3 19.fxe3 Bxe3+ 20.Kh1 Bxd2 21.Qxd2 Nxc4
22.Qc1 f5 23.Na4 Na5 24.Nxc5 dxc5 25.Bxe5 f4 26.Bxf4 Nb7 27.Qc4 Qf6 28.d6+ Be6
29.Bd5 Nd8 30.Re1 Bxd5+ 31.Qxd5+ Qf7 32.Qe4 c4 33.Bh6 Nb7 34.Bxf8 Kxf8 35.Qd4  1-0

[Event "Bled op (Women)"]
[Site "Bled"]
[Date "1994.??.??"]
[Round "?"]
[White "Matveeva, Svetlana"]
[Black "Grabics, Monika"]
[Result "1-0"]
[WhiteElo "2405"]
[BlackElo "2295"]

1.d4 Nf6 2.c4 g6 3.Nf3 Bg7 4.g3 O-O 5.Bg2 d6 6.Nc3 c5 7.O-O Nc6 8.d5 Na5
9.Nd2 e5 10.b3 Nh5 11.e4 b6 12.Nf3 f5 13.Ng5 f4 14.Ne6 Bxe6 15.dxe6 Nc6 16.Qd5 Ne7
17.Qb7 g5 18.Rd1 Rb8 19.Qd7 Qxd7 20.exd7 Nf6 21.Rxd6 Rfd8 22.Nd5 Nexd5 23.exd5 Rxd7
24.Re6 Re8 25.Bh3 Rde7 26.Rxe7 Rxe7 27.Be6+ Kf8 28.Bb2 Ne4 29.Re1 Nd2 30.Kg2 e4
31.Bxg7+ Kxg7 32.Bg4 Kg6 33.Rd1 f3+ 34.Kg1 h5 35.d6 Re8 36.d7 Rd8 37.Bxh5+ Kxh5
38.Rxd2 g4 39.Rd5+ Kg6 40.Kf1 Kf6 41.Ke1 e3 42.fxe3 Ke6 43.Kf2 a6 44.a4 b5
45.a5 bxc4 46.bxc4 Ke7 47.Rg5 Rh8 48.Rxg4 Rxh2+ 49.Kxf3 Kxd7 50.Rg6 Rc2 51.Rxa6 Rxc4
52.Rh6 Ra4 53.a6 c4 54.Ke4 Ra3 55.a7 c3 56.Kd3 Kc7 57.Rh7+ Kb6 58.Kc2  1-0

[Event "Bucharest-A (Women)"]
[Site "Bucharest"]
[Date "1994.??.??"]
[Round "?"]
[White "Litinskaya, Marta I"]
[Black "Roizen, Nadejda"]
[Result "0-1"]
[WhiteElo "2290"]
[BlackElo "2280"]

1.d4 Nf6 2.c4 g6 3.Nf3 Bg7 4.g3 O-O 5.Bg2 d6 6.O-O Nbd7 7.Nc3 c6 8.e4 e5
9.h3 Re8 10.d5 c5 11.Be3 Nh5 12.Ne1 Rf8 13.a3 Bf6 14.Nf3 Be7 15.Bh6 Ng7 16.h4 Nf6
17.Nh2 Kh8 18.Re1 Ng8 19.Bd2 f5 20.Bh3 fxe4 21.Bxc8 Qxc8 22.Nxe4 Nf5 23.Rc1 Nd4
24.Bg5 Bxg5 25.hxg5 Qf5 26.Kg2 h6 27.gxh6 Nxh6 28.Rc3 Kg7 29.Rce3 Nf7 30.g4 Qf4
31.Rh3 Rh8 32.Qd2 Rxh3 33.Qxf4 exf4 34.Kxh3 Rh8+ 35.Kg2 Rxh2+ 36.Kxh2 Nf3+
37.Kh3 Nxe1 38.g5 Nd3 39.b3 Kf8 40.Kg4 Nfe5+ 41.Kh3 Ke7 42.Kg2 a5 43.a4 Nc1
44.Nd2 Ne2 45.Kh3 Nd4 46.Kg2 Nd3 47.Ne4 Nxb3 48.Kf3 Nd4+ 49.Kg4 Ne5+ 50.Kxf4 Nxc4
51.Nc3 Nb6 52.Ke4 Nb3 53.f4 c4 54.f5 Nc5+ 55.Kf4 gxf5 56.Kxf5 Ncxa4 57.Ne2 Nxd5
58.Nd4 Nc5 59.g6 c3  0-1

[Event "Bucharest-A"]
[Site "Bucharest"]
[Date "1994.??.??"]
[Round "?"]
[White "Anapolsky, Sergey"]
[Black "Grigore, George"]
[Result "1/2-1/2"]
[WhiteElo "2445"]
[BlackElo "2455"]

1.d4 Nf6 2.Nf3 g6 3.c4 Bg7 4.g3 O-O 5.Bg2 d6 6.O-O c6 7.b3 e5 8.Nc3 e4 9.Nd2 d5
10.e3 Bg4 11.Qc2 Qd7 12.Ba3 Re8 13.Rfc1 Bh3 14.Qd1 h5 15.Bxh3 Qxh3 16.Qf1 Qd7
17.Rc2 a6 18.cxd5 cxd5 19.Na4 Qd8 20.Rac1 Nc6 21.Nc5 Qb6 22.Na4 Qa5 23.Nb1 Rac8
24.Bc5 Qd8 25.Bb6 Qd6 26.a3 Nd7 27.Bc5 Qe6 28.Bb4 h4 29.Nc5 Nxc5 30.Bxc5 Bf6
31.a4 Kg7 32.b4 hxg3 33.hxg3 b6 34.Bxb6 Nxb4 35.Rxc8 Rxc8 36.Rxc8 Qxc8 37.Bc5 Nd3
38.Nd2 Qc6 39.Qd1 Nxc5 40.dxc5 Qxc5 41.Nb3 Qc4 42.Na5 Qc5 43.Nb7 Qc6 44.Na5 Qd7
45.Nc4 d4 46.exd4 Qxd4 47.Qc2 Qc3 48.Qxe4 Qa1+ 49.Kg2 Qxa4 50.Qd5 Qa2 51.Qc5 Ba1
52.Na5 Qe6 53.Nc6 Qe4+ 54.Kg1 Qb1+ 55.Kg2 Qb5 56.Qxb5 axb5 57.g4 Kf6 58.Kf3 Ke6
59.Ke4 Kd6 60.Na5 Bc3 61.Nb7+ Kc7 62.Nc5 Kc6 63.Nb3 Bb2 64.f3 Bc3 65.Kd3 Bg7
66.Ke4 Bb2 67.Kd3 Kd5 68.Kc2 Bg7 69.Kd3 Be5 70.Na5 Kc5 71.Nb7+ Kb4 72.Nd8 Ka3
73.Nxf7 Bf4 74.Kc2 b4 75.Kb1 g5 76.Nd8 Kb3 77.Ne6 Be3 78.Nd8 Kc3 79.Ne6 Bd2
80.Nd8 Kd3 81.Ne6 Kc3 82.Nd8 Kd3 83.Ne6 Ke2 84.Kc2  1/2-1/2

[Event "Ciocaltea mem"]
[Site "Bucharest"]
[Date "1994.??.??"]
[Round "2"]
[White "Cosma, Ioan"]
[Black "Nevednichy, Vladislav"]
[Result "0-1"]
[WhiteElo "2435"]
[BlackElo "2480"]

1.d4 Nf6 2.c4 g6 3.Nf3 Bg7 4.g3 O-O 5.Bg2 d6 6.O-O Nc6 7.Nc3 a6 8.d5 Na5
9.Nd2 c5 10.Qc2 Rb8 11.b3 b5 12.Bb2 bxc4 13.bxc4 Bh6 14.f4 e5 15.dxe6 Bxe6
16.Nd5 Rxb2 17.Qxb2 Bg7 18.Qa3 Nxc4 19.Nxc4 Nxd5 20.Rac1 Nb4 21.Kh1 d5 22.Ne5 Bxe5
23.fxe5 Qb6 24.Qb2 Qa7 25.Rf6 Rb8 26.Qd2 d4 27.Rcf1 Nd5 28.Rxe6 fxe6 29.Bxd5 exd5
30.Qg5 Qd7 31.Qf6 Re8 32.Rc1 c4 33.Qf4 Qf5 34.Qxd4 Rxe5 35.Re1 Rxe2  0-1

[Event "Ciocaltea mem"]
[Site "Bucharest"]
[Date "1994.??.??"]
[Round "5"]
[White "Itkis, Boris"]
[Black "Istratescu, Andrei"]
[Result "0-1"]
[WhiteElo "2475"]
[BlackElo "2505"]

1.d4 Nf6 2.Nf3 g6 3.c4 Bg7 4.g3 O-O 5.Bg2 d6 6.O-O Nc6 7.Nc3 Rb8 8.h3 a6
9.Be3 Bd7 10.Rc1 b5 11.Nd2 e5 12.dxe5 Nxe5 13.cxb5 axb5 14.b3 b4 15.Na4 Re8
16.Re1 c5 17.Nb2 Be6 18.Bg5 Qd7 19.Bxf6 Bxf6 20.Ne4 Be7 21.f4 Nc6 22.Kh2 Nd4
23.Nd3 Qa7 24.Qd2 Rbc8 25.Ng5 Bxg5 26.fxg5 Nb5 27.Nf4 Qe7 28.Nd5 Bxd5 29.Bxd5 Qe3
30.Qxe3 Rxe3 31.Bf3 Nc3 32.Rc2 d5 33.Rd2 d4 34.Kg2 Rc7 35.Kf2 Ra7 36.Ra1 Kg7
37.h4 f6 38.gxf6+ Kxf6 39.Rc2 h6 40.Rd2 Re6 41.Rc2 Rea6 42.Ke1 Ke5 43.Kd2 c4  0-1

[Event "Ciocaltea mem"]
[Site "Bucharest"]
[Date "1994.??.??"]
[Round "11"]
[White "Maiwald, Jens Uwe"]
[Black "Istratescu, Andrei"]
[Result "1/2-1/2"]
[WhiteElo "2490"]
[BlackElo "2505"]

1.d4 Nf6 2.Nf3 g6 3.c4 Bg7 4.g3 O-O 5.Bg2 d6 6.O-O Nc6 7.Nc3 Rb8 8.b3 a6
9.Bb2 Bd7 10.Rc1 b5 11.cxb5 axb5 12.Ne1 e6 13.e3 Ne7 14.Nd3 Rb6 15.Qc2 Qb8
16.a3 Rc8 17.e4 Bc6 18.Rfe1 Ba8 19.e5 Nfd5 20.Ne4 Rd8 21.g4 Qa7 22.Qd2 Rbb8
23.h4 Qb6 24.b4 Nc6 25.Nf6+ Nxf6 26.exf6 Bf8 27.Qf4 Re8 28.h5 Nd8 29.Bxa8 Rxa8
30.Re3 Qb7 31.hxg6 fxg6 32.g5 Nf7 33.Qh4 Qd5 34.Rxc7 Qxg5+ 35.Qxg5 Nxg5 36.Nf4 Rac8
37.Rb7 Rc2 38.Bc3 Rc8 39.Be1 Bh6 40.Nxe6 Nf7 41.Rc3 R8xc3 42.Bxc3 Ng5 43.f7+ Nxf7
44.Rb8+ Nd8 45.Nxd8 Rxc3 46.Nb7+ Kg7 47.Nxd6 Rxa3 48.Rxb5 Rd3 49.Rd5 Kf6
50.Ne4+ Ke6 51.Re5+ Kf7  1/2-1/2

[Event "ROM-ch"]
[Site "Bucharest"]
[Date "1994.??.??"]
[Round "13"]
[White "Marin, Mihail"]
[Black "Badea, Bela"]
[Result "1/2-1/2"]
[WhiteElo "2520"]
[BlackElo "2435"]

1.d4 Nf6 2.c4 g6 3.Nf3 Bg7 4.g3 O-O 5.Bg2 d6 6.O-O c5 7.Nc3 Nc6 8.dxc5 dxc5
9.Be3 Qa5 10.Bd2 Qd8 11.Be3  1/2-1/2

[Event "Schneider mem"]
[Site "Budapest"]
[Date "1994.??.??"]
[Round "?"]
[White "Farago, Sandor"]
[Black "Fogarasi, Tibor"]
[Result "1/2-1/2"]
[WhiteElo "2390"]
[BlackElo "2415"]

1.d4 Nf6 2.c4 g6 3.Nf3 Bg7 4.g3 O-O 5.Bg2 d6 6.O-O Nbd7 7.Nc3 e5 8.h3 Re8
9.e4 exd4 10.Nxd4 a6 11.Rb1 Rb8 12.a4 Ne5 13.b3 Bd7 14.Re1 c5 15.Nc2 Qa5
16.Bd2 Qc7 17.f4 Nc6 18.g4 h6  1/2-1/2

[Event "Schneider mem"]
[Site "Budapest"]
[Date "1994.??.??"]
[Round "?"]
[White "Kustar, Sandor"]
[Black "Tegzes, Laszlo"]
[Result "1-0"]
[WhiteElo "2360"]
[BlackElo "2240"]

1.Nf3 Nf6 2.c4 g6 3.g3 Bg7 4.Bg2 d6 5.d4 O-O 6.Nc3 Nc6 7.O-O a6 8.b3 Rb8
9.Bb2 Bd7 10.h3 b5 11.cxb5 axb5 12.Rc1 Na5 13.e4 c5 14.e5 Ne8 15.dxc5 dxc5
16.Qd2 Bc6 17.Qe3 Qb6 18.Ne4 Bxe4 19.Qxe4 Nc7 20.Qh4 Nc6 21.Ng5 h6 22.Ne4 Ne6
23.Nc3 Rbe8 24.Nd5 Qa6 25.Rc2 Kh7 26.Qe4 Ncd4 27.Bxd4 cxd4 28.Rd1 Qa7 29.h4 Rc8
30.Rxc8 Rxc8 31.Bh3 Rc6 32.Nf6+ exf6 33.Qxc6 fxe5 34.Bxe6 fxe6 35.Qxe6 Qxa2
36.h5 Qc2 37.hxg6+ Qxg6 38.Qxg6+ Kxg6 39.Ra1 Kf5 40.Ra7 Bf6 41.Rb7 d3 42.Kf1 Ke4
43.Rxb5 Kd4 44.Ke1 e4 45.Rb6 Bg5 46.Rc6 e3 47.Rc4+ Kd5 48.fxe3 Bxe3 49.Rc8 Ke4
50.b4 Kf3 51.Rc3 Bf2+ 52.Kd2 Kxg3 53.Rxd3+ Kg2 54.Rd5  1-0

[Event "Budapest FS09 GM"]
[Site "Budapest"]
[Date "1994.??.??"]
[Round "1"]
[White "Hoffmann, Michael"]
[Black "Olesen, Martin"]
[Result "1-0"]
[WhiteElo "2470"]
[BlackElo "2320"]

1.d4 Nf6 2.c4 g6 3.Nf3 Bg7 4.g3 O-O 5.Bg2 d6 6.O-O Nbd7 7.Nc3 e5 8.Qc2 Re8
9.Rd1 c6 10.e4 Qe7 11.b3 exd4 12.Nxd4 Nc5 13.f3 a5 14.Be3 h5 15.Bf2 h4 16.g4 Nh7
17.h3 Be5 18.Rf1 Qf6 19.Nce2 Nf8 20.f4 Bxf4 21.Nxf4 Qxf4 22.Bxh4 Qe3+ 23.Bf2 Qd3
24.Qb2 Nxe4 25.Rae1 Bd7 26.Re3 Qd2 27.Qxd2 Nxd2 28.Rfe1 a4 29.Rxe8 Rxe8 30.Rxe8 Bxe8
31.Be1 Nb1 32.Be4 Na3 33.Bb4 c5 34.Bxa3 cxd4 35.Bxb7 axb3 36.axb3  1-0

[Event "Budapest FS03 IM-A"]
[Site "Budapest"]
[Date "1994.??.??"]
[Round "1"]
[White "Vojinovic, Goran"]
[Black "Grabics, Monika"]
[Result "1-0"]
[WhiteElo "2420"]
[BlackElo "2295"]

1.d4 Nf6 2.Nf3 g6 3.c4 Bg7 4.g3 O-O 5.Bg2 d6 6.O-O c5 7.Nc3 Nc6 8.dxc5 dxc5
9.Be3 Qa5 10.Nd5 Nd7 11.Bd2 Qd8 12.Bc3 Bxc3 13.Nxc3 Nde5 14.Nxe5 Nxe5 15.b3 Qa5
16.Nd5 Nc6 17.Qc1 Be6 18.Qg5 Rfe8 19.Nf4 Bf5 20.Bxc6 bxc6 21.Rfd1 Bc2 22.Rdc1 Qd2
23.Qe5 Rad8 24.Kf1 Rd4 25.Qe3 Bf5 26.Qxd2 Rxd2 27.Ke1 Rd4 28.Rd1 e5 29.Ng2 a5
30.Ne3 Be6 31.Nc2 Rxd1+ 32.Rxd1 a4 33.Ne3 Rb8 34.bxa4 Rb4 35.Rd6 Rxa4 36.Rxc6 Bxc4
37.Rxc5 Bxa2 38.Rxe5 Be6 39.f3 Kg7 40.h4 h5 41.Kf2 Ra2 42.Rc5 Bb3 43.Rc7 Kg8
44.Ng2 Kg7 45.Nf4 Kf6 46.Ke3 Kg7 47.Rd7 Ra1 48.Rb7 Bc4 49.Kd4 Ra4 50.Kc3 Ba6
51.Re7 Ra1 52.Ra7 Rc1+ 53.Kd2 Rc6 54.Nh3 Rd6+ 55.Ke1 Bc4 56.Ng5 Kg8 57.Rc7 Bb3
58.e4 Rd1+ 59.Ke2 Rg1 60.Ke3 Ra1 61.Rd7 Ra8 62.e5 Ra4 63.Rd8+ Kg7 64.Ne4 Ra5
65.Kf4 Be6 66.Nf6 Rc5 67.Rg8+ Kh6 68.g4 Rc4+ 69.Kg3 hxg4 70.fxg4 Rc3+ 71.Kf4 Rc4+
72.Kf3 Rc3+ 73.Ke4 Rc4+ 74.Kd3 Rxg4 75.Nxg4+ Bxg4 76.Kd4 Be6 77.Rh8+ Kg7
78.Ra8 Kh6 79.Ke4 Kh5 80.Kf4 Kh6 81.Ra1 Kh5 82.Rh1 Bf5 83.Rh2 Be6 84.Ke4 Kg4
85.Kd4 Kh5 86.Kc5 g5 87.hxg5+ Kxg5 88.Kd6 Kf5 89.Rb2 Ke4 90.Rb1 Kf5 91.Re1 Kf4
92.Rh1 Kf5 93.Rh8 Ke4 94.Rh6 Ba2 95.Rh5 Kf4 96.Ke7 Be6 97.Kf6 Ke4 98.Rh4+ Kd5
99.Ra4 Kc5 100.Ra6 Bd5 101.Rd6 Kd4 102.Kf5 Kc5 103.Kf4 Kd4 104.Rd7 Kc5 105.Ke3 Be6
106.Rd6 Bc4 107.Ke4 Be6 108.Rd1 Kc6 109.Rc1+ Kd7 110.Kd4 Ke7  1-0

[Event "Budapest FS03 IM-B"]
[Site "Budapest"]
[Date "1994.??.??"]
[Round "3"]
[White "Kabatianski, Alexandr"]
[Black "Kerek, Csaba"]
[Result "1-0"]
[WhiteElo "2365"]
[BlackElo "2150"]

1.d4 Nf6 2.Nf3 g6 3.c4 Bg7 4.g3 O-O 5.Bg2 d6 6.O-O Nbd7 7.Nc3 e5 8.e4 exd4
9.Nxd4 Re8 10.h3 Nc5 11.Re1 Bd7 12.Rb1 a5 13.b3 Qc8 14.Kh2 h5 15.Bg5 Nh7
16.Be3 h4 17.g4 Ne6 18.Qd2 Qd8 19.Nxe6 Bxe6 20.f4 Bd7 21.Nd5 Nf6 22.Nc3 Bxg4
23.hxg4 Nxg4+ 24.Kg1 h3 25.Bxh3 Qh4 26.Bxg4 Qxg4+ 27.Kf2 Bf6 28.Rh1 Bh4+
29.Rxh4 Qxh4+ 30.Kg2 Qg4+ 31.Kf2 Re6 32.Rh1 c6 33.Qd4 f6 34.f5 Re7  1-0

[Event "Budapest FS02 IM-A"]
[Site "Budapest"]
[Date "1994.??.??"]
[Round "3"]
[White "Skomorokhin, Roman"]
[Black "Zimmerman, Yuri"]
[Result "1-0"]
[WhiteElo "2395"]
[BlackElo "2345"]

1.d4 Nf6 2.c4 g6 3.Nf3 Bg7 4.g3 O-O 5.Bg2 d6 6.O-O Nc6 7.Nc3 a6 8.d5 Na5
9.Nd2 c5 10.Qc2 Rb8 11.Rb1 e6 12.a3 Qc7 13.b3 exd5 14.cxd5 b5 15.Bb2 Bd7
16.Rbc1 Rbc8 17.Qb1 Qb6 18.Qa1 Bh6 19.e3 Ng4 20.h3 Nxe3 21.fxe3 Bxe3+ 22.Kh2 f5
23.Ncb1 Qd8 24.Rce1 f4 25.Bh8 fxg3+ 26.Kxg3 Qg5+ 27.Kh2 Bf4+ 28.Kh1 Rf7 29.Ne4 Qh4
30.Bf6 Qh6 31.Qc3 Rcf8 32.Kg1 b4 33.axb4 cxb4 34.Qxb4 Be3+ 35.Kh2 Bf4+ 36.Kg1 Be3+
37.Rxe3 Qxe3+ 38.Kh2 Bb5 39.Rf3 Qc1 40.Nbd2 Nb7 41.Qd4 h6 42.Qe3 Kh7 43.Bc3 Rxf3
44.Bxf3 Nd8 45.Qd4  1-0

[Event "Budapest FS08 GM"]
[Site "Budapest"]
[Date "1994.??.??"]
[Round "3"]
[White "Horvath, Jozsef"]
[Black "Tratar, Marko"]
[Result "0-1"]
[WhiteElo "2520"]
[BlackElo "2365"]

1.d4 Nf6 2.Nf3 g6 3.c4 Bg7 4.g3 O-O 5.Bg2 d6 6.O-O Nbd7 7.Nc3 e5 8.e4 exd4
9.Nxd4 Re8 10.h3 Nc5 11.Re1 Bd7 12.b4 Ne6 13.Nb3 Ng4 14.Bb2 Ne5 15.Qe2 f5
16.f4 Nf7 17.Qf2 c6 18.Rad1 Re7 19.exf5 gxf5 20.Na4 b6 21.Bxg7 Nxg7 22.Nd4 Rxe1+
23.Rxe1 Rc8 24.b5 c5 25.Nc6 Bxc6 26.Bxc6 Rc7 27.Nc3 Re7 28.Nd5 Rxe1+ 29.Qxe1 Kf8
30.Qe3 h6 31.Kg2 Nh8 32.Qa3 Qb8 33.Ne3 Ng6 34.Qd3 Ne7 35.g4 fxg4 36.hxg4 Ne6
37.Qe4 Qc8 38.Bd5 Ng6 39.Qf5+ Ke7 40.Bxe6 Qxe6 41.Nd5+ Qxd5+  0-1

[Event "Budapest FS10 IM-A"]
[Site "Budapest"]
[Date "1994.??.??"]
[Round "4"]
[White "Izsak, Gyula"]
[Black "Borocz, Istvan"]
[Result "0-1"]
[WhiteElo "2400"]
[BlackElo "2385"]

1.d4 Nf6 2.c4 g6 3.Nf3 Bg7 4.g3 O-O 5.Bg2 d6 6.Nc3 Nc6 7.d5 Na5 8.Nd2 c5
9.a3 e6 10.Qc2 exd5 11.cxd5 c4 12.O-O Bf5 13.e4 Bd7 14.Rb1 Rc8 15.Nf3 b5
16.Bf4 Qb6 17.Rbd1 Ng4 18.h3 Ne5 19.Be3 Nxf3+ 20.Bxf3 Qb8 21.Bg4 Qb7 22.Ne2 h5
23.Bxd7 Qxd7 24.Kg2 Nb3 25.Bd4 Nxd4 26.Nxd4 Rc5 27.Rfe1 a5 28.Qd2 Qc7 29.Re3 Qb6
30.Nc6 b4 31.axb4 axb4 32.e5 dxe5 33.Nxe5 Rd8 34.Qe2 Rdxd5 35.Rxd5 Rxd5 36.Nxc4 Qc6
37.Kh2 h4 38.b3 hxg3+ 39.fxg3 Rf5 40.Qg2 Qf6 41.Re2 Qc3 42.Re3 Qf6 43.Re2 Bh6
44.Qa8+ Kh7 45.Qe4 Rf3 46.Na5 Bf8 47.Kg2 Rf5 48.Nc4 Qa1 49.Ne3 Re5 50.Qc4 Qa8+
51.Kf2 Qa7 52.g4 Bc5 53.Qf4 Bd4 54.Kf3 g5 55.Qh2 Rxe3+ 56.Rxe3 Bxe3 57.Qd6 Bf4  0-1

[Event "Budapest FS10 GM"]
[Site "Budapest"]
[Date "1994.??.??"]
[Round "4"]
[White "Horvath, Peter"]
[Black "Nguyen Anh Dung"]
[Result "1/2-1/2"]
[WhiteElo "2390"]
[BlackElo "2340"]

1.d4 Nf6 2.Nf3 g6 3.c4 Bg7 4.g3 O-O 5.Bg2 d6 6.Nc3 Nc6 7.O-O Nd7 8.e4 Nb6
9.Qd3 e5 10.d5 Ne7 11.Be3 Bg4 12.Nd2 Qd7 13.f4 exf4 14.Bxf4 h6 15.Rae1 g5
16.Be3 Ng6 17.Bd4 Rae8 18.b4 Ne5 19.Bxe5 Bxe5 20.Nf3 Qe7 21.Nxe5 Qxe5 22.Nb5 Bd7
23.Nd4 Nc8 24.c5 Qg7 25.c6 bxc6 26.dxc6 Be6 27.a4 Nb6 28.Nxe6 Rxe6 29.a5 Nc8
30.b5 Re5 31.Re2 Rc5 32.e5 Rxe5 33.Ref2 f5 34.Bh3 Ne7 35.b6 axb6 36.axb6 cxb6
37.Bg2 d5 38.Rc2 Rc8 39.c7 Qf6 40.Rfc1 Kg7 41.Qa6 Re6 42.Kh1 Qe5 43.Qb5 Kf6
44.Qd7 Rd6 45.Qb5 Re6 46.Qd7 h5 47.Rd2 Rd6 48.Qb5 Rxc7 49.Rxc7 Qe1+ 50.Bf1 Qxd2
51.Qe8 Qe1 52.Qf8+ Kg6 53.Qe8+  1/2-1/2

[Event "Budapest Spring op"]
[Site "Budapest"]
[Date "1994.??.??"]
[Round "4"]
[White "Ruck, Robert"]
[Black "Szilardfy, Gyula"]
[Result "1-0"]
[WhiteElo "2420"]
[BlackElo "2240"]

1.c4 g6 2.g3 Bg7 3.d4 Nf6 4.Bg2 O-O 5.Nf3 d6 6.O-O Nbd7 7.d5 Nc5 8.Nd4 e5
9.dxe6 Nxe6 10.Nxe6 Bxe6 11.Bxb7 Rb8 12.Bg2 Bxc4 13.Qc2 Ba6 14.Nc3 Bb7 15.Qa4 Bxg2
16.Kxg2 Rb7 17.Rd1 Qa8 18.f3 Re8 19.e4 Qb8 20.Qc2 c6 21.Rb1 d5 22.Bf4 Qc8
23.exd5 cxd5 24.Rd2 d4 25.Rxd4 Nh5 26.Re4 Nxf4+ 27.gxf4 Rxe4 28.Qxe4 Bxc3
29.bxc3 Rxb1 30.Qxb1 Qxc3 31.Qb8+ Kg7 32.Qxa7 Qd2+ 33.Kg3 g5 34.fxg5 Qxg5+
35.Kf2 Qd2+ 36.Kf1 Qd3+ 37.Kg2 Qg6+ 38.Kh1 Qd3 39.Qf2 Kf8 40.h3 Qd1+ 41.Kg2 Qd5
42.Kh2 f5 43.f4 Qc4 44.Qd2 Ke7 45.Kg3 Qg8+ 46.Kf2 Qa8 47.Qb2 Qa7+ 48.Kf3 Qa8+
49.Kg3 Kf7 50.Qb3+ Kf6 51.Qb6+ Kf7 52.Qc7+ Kg6 53.Qd6+ Kh5 54.Qe7  1-0

[Event "Budapest FS09 GM"]
[Site "Budapest"]
[Date "1994.??.??"]
[Round "5"]
[White "Hoffmann, Michael"]
[Black "Manor, Ilan"]
[Result "1/2-1/2"]
[WhiteElo "2470"]
[BlackElo "2485"]

1.d4 Nf6 2.c4 g6 3.Nf3 Bg7 4.g3 O-O 5.Bg2 d6 6.O-O Nc6 7.d5 Na5 8.Nbd2 c5
9.e4 Nd7 10.Rb1 Rb8 11.a3 b5 12.cxb5 c4 13.b4 cxb3 14.a4 Nc5 15.Nxb3 Naxb3
16.Rxb3 Nxb3 17.Qxb3 Bg4 18.Be3 Bxf3 19.Bxf3 Rc8 20.Bg4 Rc3 21.Qb4 h5 22.Bh3 Qc7
23.a5 Rb8 24.b6 axb6 25.Bxb6 Qc4 26.Qxc4 Rxc4 27.Bd7 Rxe4 28.Bc6 Re2 29.Rc1 Ra2
30.Rc4 Ra3 31.Re4 Kf8 32.Kg2 Ra2 33.Ra4 Rxa4 34.Bxa4 Rxb6 35.axb6 Bd4 36.b7 Ba7
37.Bd7 Kg7 38.f4 Kf6 39.Kf3 e5 40.Ke4 Ke7 41.Bc6 f5+  1/2-1/2

[Event "Budapest Spring op"]
[Site "Budapest"]
[Date "1994.??.??"]
[Round "6"]
[White "Korpics, Zsolt"]
[Black "Korotylev, Alexey"]
[Result "1/2-1/2"]
[WhiteElo "2295"]
[BlackElo "2415"]

1.d4 g6 2.c4 Bg7 3.g3 d6 4.Bg2 Nf6 5.Nf3 O-O 6.Nc3 Nbd7 7.O-O e5 8.h3 Re8
9.e4 exd4 10.Nxd4 Nc5 11.Re1 Bd7 12.Rb1 h6 13.b4 Ne6 14.Nxe6 Bxe6 15.Nd5 Nd7
16.Qc2 c6 17.Nf4 a5 18.a3 axb4 19.axb4 Qc7 20.Rd1 Nf6 21.Nxe6 Rxe6 22.c5 dxc5
23.Bf4 Qe7 24.bxc5 Nxe4 25.Bxe4 Rxe4 26.Rxb7 Qe6 27.Qb3 Qxb3 28.Rxb3 Rc4
29.Be3 Bf8 30.Rd7 Bxc5 31.Bxh6 Rc2 32.Rf3 Bf8 33.Be3 f5 34.g4 Bg7 35.gxf5 Rf8
36.Rg3  1/2-1/2

[Event "Budapest Statistika"]
[Site "Budapest"]
[Date "1994.??.??"]
[Round "7"]
[White "Somogyi, Istvan"]
[Black "Fancsy, Imre"]
[Result "1/2-1/2"]
[WhiteElo "2305"]
[BlackElo "2400"]

1.d4 Nf6 2.c4 g6 3.Nf3 Bg7 4.g3 O-O 5.Bg2 d6 6.Nc3 Nbd7 7.O-O e5 8.e4 c6
9.h3 exd4 10.Nxd4 Re8  1/2-1/2

[Event "Budapest FS07 IM"]
[Site "Budapest"]
[Date "1994.??.??"]
[Round "7"]
[White "Spielmann, Alain"]
[Black "Kerek, Krisztian"]
[Result "1-0"]
[WhiteElo "2295"]
[BlackElo "2255"]

1.Nf3 Nf6 2.c4 g6 3.d4 Bg7 4.g3 O-O 5.Bg2 d6 6.O-O Nbd7 7.Nc3 e5 8.e4 exd4
9.Nxd4 Re8 10.h3 Nc5 11.Re1 h6 12.Qc2 Ng4 13.Rd1 Ne5 14.b3 Ne6 15.Nxe6 Bxe6
16.Bb2 Nc6 17.Kh2 a6 18.Nd5 Bxd5 19.Bxg7 Bxe4 20.Qc3 Kh7 21.f3 Bf5 22.Bf6 Qc8
23.g4 Bd7 24.f4 Re2 25.Re1 Rxe1 26.Rxe1 Qf8 27.Be4 Re8 28.Kg3 b6 29.h4 Nb8
30.h5 Bc6 31.Bc2 Rxe1 32.Qxe1 Qe8 33.Qxe8 Bxe8 34.Bd8 Nc6 35.Bxc7 Nb4 36.Bb1 d5
37.Bxb6 dxc4 38.bxc4 Kg7 39.hxg6 fxg6 40.Ba5 Nc6 41.Bc3+ Kg8 42.Be4 Kf7 43.a3 Ke7
44.Kh4 Kd6 45.Bb4+ Ke6 46.Bd5+ Kd7 47.Bf8 h5 48.gxh5 gxh5 49.Bf3 Nd4 50.Bxh5 Bxh5
51.Kxh5 Ne6 52.Bh6 Nd4 53.Kg4 Kc6 54.Bf8 Ne6 55.Be7 Kd7 56.Bb4 Nd4 57.f5 Nc2
58.Kf4 a5 59.Bc5 Ne1 60.Ke4  1-0

[Event "Budapest Spring op"]
[Site "Budapest"]
[Date "1994.??.??"]
[Round "7"]
[White "Soffer, Ram"]
[Black "Zimmerman, Yuri"]
[Result "1-0"]
[WhiteElo "2520"]
[BlackElo "2345"]

1.d4 Nf6 2.c4 g6 3.Nf3 Bg7 4.g3 O-O 5.Bg2 d6 6.O-O Nc6 7.Nc3 a6 8.d5 Na5
9.Nd2 c5 10.Qc2 Rb8 11.b3 b5 12.Rb1 bxc4 13.bxc4 Rxb1 14.Ncxb1 e5 15.Bb2 Bd7
16.Bc3 Qc7 17.Qb2 Ra8 18.e4 Bc8 19.f4 Nd7 20.Bh3 Nb7 21.Nf3 Nb6 22.Bxc8 Rxc8
23.Qb3 Nd7 24.Nbd2 Bh6 25.Rb1 Nd8 26.fxe5 dxe5 27.Qa4 Be3+ 28.Kg2 Qd6 29.Nb3 f6
30.Na5 Rc7 31.Re1 Bh6 32.Nh4 Bg5 33.Nf3 Bh6 34.Rd1 Kg7 35.Nc6 Nb6 36.Qb3 Nxc4
37.Qxc4 Nxc6 38.Qxa6 Qd7 39.Rb1 Nd4 40.Bxd4 cxd4 41.Rb2 Bc1 42.Rf2 Be3 43.Nxd4 Bxd4
44.Qxf6+ Kh6 45.Qh4+ Kg7 46.Qf6+ Kh6 47.d6 Rc1 48.Qf8+ Qg7 49.Qe7 Qg8 50.Rf7 g5
51.Qe6+  1-0

[Event "Budapest FS03 IM-B"]
[Site "Budapest"]
[Date "1994.??.??"]
[Round "7"]
[White "Izsak, Gyula"]
[Black "Vadasz, Laszlo"]
[Result "1/2-1/2"]
[WhiteElo "2365"]
[BlackElo "2365"]

1.d4 g6 2.c4 Bg7 3.Nf3 Nf6 4.g3 O-O 5.Bg2 d6 6.O-O Nc6 7.Nc3 Rb8 8.b3 a6
9.a4 a5 10.Bb2 Nd7 11.e4 e5 12.dxe5 dxe5 13.Nb5 Nb4 14.Bc3 c6 15.Nd6 Qe7
16.Bxb4 axb4 17.Qd2 Nc5 18.Nxc8 Rfxc8 19.Qxb4 Bf8 20.Rad1 Rd8 21.Qc3 Nxe4
22.Qc2 Ng5 23.Nxg5  1/2-1/2

[Event "Budapest FS04 IM (Women)"]
[Site "Budapest"]
[Date "1994.??.??"]
[Round "8"]
[White "Tarasova, Oksana"]
[Black "Cynolter Bognarne, Erzsebet"]
[Result "1-0"]
[WhiteElo "2170"]
[BlackElo "2040"]

1.d4 Nf6 2.c4 g6 3.g3 Bg7 4.Bg2 d6 5.Nf3 O-O 6.Nc3 Nc6 7.O-O e5 8.d5 Ne7
9.e4 Nd7 10.Rb1 f5 11.Ng5 Nb6 12.Qb3 h6 13.Ne6 Bxe6 14.dxe6 f4 15.Rd1 Rb8
16.c5 Nbc8 17.cxd6 cxd6 18.Nd5 fxg3 19.hxg3 Kh7 20.Be3 Nc6 21.Rbc1 N8e7 22.Qa3 Nc8
23.Bh3 Re8 24.b4 N6e7 25.Nc7 Rg8 26.Bxa7 Nxa7 27.Qxa7 Nc6 28.Qb6 Nd4 29.Kg2 h5
30.Nd5 Qf8 31.Rc3 Bf6 32.Qc7+ Rg7 33.Nxf6+ Kh6 34.Nd7 Nxe6 35.Nxf8 Rxf8 36.Bxe6 Rxc7
37.Rxc7  1-0

[Event "Budapest Spring op"]
[Site "Budapest"]
[Date "1994.??.??"]
[Round "8"]
[White "Chetverik, Maxim"]
[Black "Gladischev, Oleg"]
[Result "1-0"]
[WhiteElo "2305"]
[BlackElo "2240"]

1.d4 Nf6 2.c4 g6 3.Nf3 Bg7 4.g3 O-O 5.Bg2 d6 6.O-O Nbd7 7.Nc3 e5 8.h3 c6
9.Qb3 Re8 10.Be3 Qe7 11.Rfd1 exd4 12.Nxd4 Ne5 13.Rac1 Nfd7 14.Na4 Rb8 15.Bf4 f5
16.h4 Qf7 17.Qc2 Nf6 18.Nf3 Ne4 19.Ng5 Nxg5 20.hxg5 Qe6 21.Rd2 Bd7 22.b3 Kh8
23.Rcd1 Bf8 24.Qc3 Rbd8 25.Qa5 a6 26.Qc7 Bc8 27.Nb6 Nf7 28.Nxc8 Qxc8 29.Qb6 Re6
30.Qa5 Rde8 31.e3 Qd7 32.Qa4 Be7 33.Bd5 Bxg5 34.Bxe6 Rxe6 35.c5 d5 36.Rxd5 Qe7
37.Rd7 Qf6 38.Rxf7 Qxf7 39.Bxg5 h6 40.Bxh6 Kh7 41.Bg5 Re4 42.Rd4  1-0

[Event "Budapest Honved"]
[Site "Budapest"]
[Date "1994.??.??"]
[Round "10"]
[White "Horvath, Jozsef"]
[Black "Peter, Ambrus"]
[Result "1-0"]
[WhiteElo "2520"]
[BlackElo "2315"]

1.d4 Nf6 2.Nf3 g6 3.c4 Bg7 4.g3 O-O 5.Bg2 d6 6.Nc3 Nbd7 7.O-O e5 8.e4 exd4
9.Nxd4 Re8 10.h3 Nc5 11.Re1 Bd7 12.b4 Ne6 13.Nb3 h6 14.Bd2 Ng5 15.g4 Be6
16.Qe2 Qc8 17.Qf1 a6 18.Rac1 Rb8 19.f4 Ngh7 20.Be3 Nf8 21.Kh1 Bd7 22.c5 dxc5
23.Nxc5 Bc6 24.a4 N8d7 25.b5 axb5 26.axb5 Nxc5 27.Bxc5 Bd7 28.e5 Nh7 29.Nd5 Qd8
30.b6 cxb6 31.Bxb6 Qh4 32.Bf2 Qd8 33.Nc7 Rf8 34.Bc5 Qh4 35.Bxf8 Bxf8 36.e6 fxe6
37.Qd3  1-0